| 000 | 00848nam a2200253 a 4500 | ||
|---|---|---|---|
| 999 |
_c5471 _d5471 |
||
| 001 | 5471 | ||
| 003 | BD-JhCC | ||
| 005 | 20191224134018.0 | ||
| 008 | 171217s1998 bg a|||| || | 000 0 ben d | ||
| 035 | _a(BD-JhCC)5471 | ||
| 040 |
_aBD-JhCC _dBD-JhCC |
||
| 041 | _aben | ||
| 082 |
_a516 _bAHM 2000 |
||
| 100 | _aআহাম্মদ, এস ইউ | ||
| 245 |
_aউচ্চ মাধ্যমিক জ্যামিতি ও ক্যালকুলাস / _cসুরুজ উদ্দিন আহাম্মদ ও মো: আব্দুল জব্বার |
||
| 250 | _a3rd ed. | ||
| 260 |
_aঢাকা : _bআলফা প্রকাশনী, _c1998. |
||
| 300 |
_a208 p. : _c24 cm. |
||
| 650 | _aGeometry | ||
| 650 | _aCalculas | ||
| 700 | _aজব্বার, এম, এ, | ||
| 942 |
_2ddc _cBK _04 |
||